Statistics for Global Cities with the Coolest Summer Days

Click here to take the quiz!

General Stats

  • This quiz has been taken 22 times
  • The average score is 13 of 20

Answer Stats

Hint22Answer% Correct
22Helsinki
100%
22Oslo
100%
19Dublin
95%
22Copenhagen
85%
18Edinburgh
85%
20Glasgow
85%
22Amsterdam
75%
20Manchester
75%
22Riga
70%
22Vancouver
70%
22Quito
60%
20Belfast
55%
21Bogotá
55%
17La Paz
50%
22Hamburg
45%
22San Francisco
45%
21Wellington
45%
21Gothenburg
30%
22Bristol
25%
22Malmö
20%

Score Distribution

Percentile by Number Answered

Percent of People with Each Score

Your Score History

You have not taken this quiz